|
|
|
|
| LEADER |
01393nam a2200385 a 4500 |
| 001 |
000691287 |
| 003 |
CZ BrMZK |
| 005 |
20031029091713.0 |
| 007 |
ta |
| 008 |
031009s2003 xr a f 000 m cze d |
| 015 |
|
|
|a cnb001287240
|
| 020 |
|
|
|a 80-7297-035-6
|q (brož.)
|
| 035 |
|
|
|a (OCoLC)85077769
|
| 040 |
|
|
|a BOA001
|b cze
|
| 041 |
1 |
|
|a cze
|h eng
|
| 072 |
|
7 |
|a 27-1/-2
|x Křesťanská teologie. Dogmatická teologie
|2 Konspekt
|9 5
|
| 080 |
|
|
|a (0:82-4)
|2 MRF
|
| 080 |
|
|
|a 27-185
|2 MRF
|
| 100 |
1 |
|
|a Engelhardt, Lisa,
|d 1953-
|7 mzk2003204440
|4 aut
|
| 245 |
1 |
0 |
|a Jak přijmout sám sebe /
|c napsala Lisa O. Engelhardt ; ilustroval R.W. Alley ; [překlad Alžběta Sirovátková]
|
| 250 |
|
|
|a 1. vyd.
|
| 260 |
|
|
|a Praha :
|b Doron,
|c 2003
|
| 300 |
|
|
|a [75] s. :
|b il. ;
|c 15 cm
|
| 490 |
1 |
|
|a Skřítkova pomoc
|
| 500 |
|
|
|a Překlad z angličtiny
|
| 650 |
0 |
7 |
|a sebepřijímání
|7 ph210489
|2 czenas
|
| 650 |
0 |
7 |
|a život
|7 ph128022
|2 czenas
|
| 655 |
|
7 |
|a úvahy
|7 fd134000
|2 czenas
|
| 700 |
1 |
|
|a Alley, R. W.,
|d 1955-
|7 xx0022147
|4 ill
|
| 765 |
0 |
|
|t Acceptance therapy
|9 Česky
|
| 830 |
|
0 |
|a Skřítkova pomoc
|0 s
|
| 856 |
4 |
1 |
|u http://www.digitalniknihovna.cz/mzk/uuid/uuid:868479e0-e1a1-11e3-b110-005056827e51
|y Digitalizovaný dokument
|x NDK
|
| 910 |
|
|
|a BOA001
|b 1-1124.171
|
| 990 |
|
|
|a BK
|
| 996 |
6 |
|
|b 2610200269
|c 1-1124.171
|l MZK
|r Sklad / do 1 hodiny
|n 2
|p p.v.
|w 000691287
|u 000010
|a 1
|e BOA001
|j MZK50
|s P
|